Doing business research : (Record no. 36448)
[ view plain ]
| 000 -LEADER | |
|---|---|
| fixed length control field | 00949nam a22002537a 4500 |
| 005 - DATE AND TIME OF LATEST TRANSACTION | |
| control field | 20100601141110.0 |
| 008 - FIXED-LENGTH DATA ELEMENTS--GENERAL INFORMATION | |
| fixed length control field | 100601t xxu||||| |||| 00| 0 eng d |
| 010 ## - LCCN (DPL NO) | |
| LC control number | ENG-96245 |
| 020 ## - INTERNATIONAL STANDARD BOOK NUMBER | |
| International Standard Book Number | 9788132104544 |
| Terms of availability | 495.00 |
| 035 ## - SYSTEM CONTROL NUMBER | |
| System control number | EN-79778 |
| 037 ## - SOURCE OF ACQUISITION | |
| Source of stock number/acquisition | DBAD/PUB |
| 040 ## - CATALOGING SOURCE | |
| Original cataloging agency | DPL |
| Language of cataloging | Eng |
| 082 ## - DEWEY DECIMAL CLASSIFICATION NUMBER | |
| Classification number | 650.072 |
| 100 ## - MAIN ENTRY--PERSONAL NAME | |
| Personal name | Lee, Nick |
| 245 ## - TITLE STATEMENT | |
| Title | Doing business research : |
| Remainder of title | a guide to theory and practice / |
| Statement of responsibility, etc | by Nick Lee [and] Ian Lings |
| 260 ## - PUBLICATION, DISTRIBUTION, ETC. (IMPRINT) | |
| Place of publication, distribution, etc | New Delhi |
| Name of publisher, distributor, etc | Sage Publications |
| Date of publication, distribution, etc | 2008 |
| 270 ## - ADDRESS | |
| Address | B1/I-1 Mohan Cooperative Industrial Area , Mathura Road |
| City | New Delhi |
| Postal code | 110044 |
| 300 ## - PHYSICAL DESCRIPTION | |
| Extent | xxiii, 423p. : |
| Other physical details | ill. |
| Dimensions | 24 cm (pbk) |
| 500 ## - GENERAL NOTE | |
| General note | Includes bibliographical references (p. [405]-410) and index. |
| 650 ## - SUBJECT ADDED ENTRY--TOPICAL TERM | |
| Topical term or geographic name as entry element | Business |
| General subdivision | Research. |
| 700 ## - ADDED ENTRY--PERSONAL NAME | |
| Personal name | Lings, Ian |
| 942 ## - ADDED ENTRY ELEMENTS (KOHA) | |
| Source of classification or shelving scheme | Dewey Decimal Classification |
| Item type | English Books |
| Call number suffix | LEE |
| Classification part | 650.072 |
| Withdrawn status | Lost status | Source of classification or shelving scheme | Damaged status | Not for loan | Collection code | Home library | Current library | Date acquired | Source of acquisition | Cost, normal purchase price | Total Checkouts | Full call number | Barcode | Date last seen | Copy number | Cost, replacement price | Koha item type |
|---|---|---|---|---|---|---|---|---|---|---|---|---|---|---|---|---|---|
| Dewey Decimal Classification | Not For Loan | Non-fiction | D.B.Act.Division | D.B.Act.Division | 10/05/2010 | DBAD/PUB | 495.00 | LEE | EN-79778 | 01/06/2010 | 1 | 495.00 | English Books |
